Paroles - Africain - Sexion d'Assaut - Statistiques

Statistiques générales
  • Ce quiz a été pris 18 fois
    16 depuis la dernière actualisation
  • Le résultat moyen est 285 sur 528
Statistiques - réponses
Paroles % Correct
à
100%
a
100%
Africain
100%
Je
100%
je
100%
L'Africain
100%
le
100%
Le
100%
n'suis
100%
REFRAIN
100%
il
93%
Il
93%
la
93%
les
93%
Ne
93%
qu'un
93%
se
93%
de
87%
est
87%
Et
87%
et
87%
Ils
87%
ils
87%
m'a
87%
ma
87%
nous
87%
on
87%
On
87%
pas
87%
mais
80%
Mais
80%
Me
80%
ont
80%
par
80%
pour
80%
Pour
80%
Antillais
73%
ça
73%
comme
73%
des
73%
En
73%
frères
73%
nos
73%
séparés
73%
sur
73%
sûr
73%
chaque
67%
dans
67%
divisés
67%
dominer
67%
du
67%
67%
humain
67%
jugez
67%
Lune
67%
mes
67%
mieux
67%
n'suis
67%
67%
67%
tout
67%
Tout
67%
c'est
60%
C'est
60%
J'ai
60%
J'veux
60%
marcher
60%
moi
60%
Moi
60%
plus
60%
que
60%
Qui
60%
te
60%
un
60%
attendant
53%
centaines
53%
jour
53%
jours
53%
J'veux
53%
j'veux
53%
J'voulais
53%
l'Afrique
53%
meurent
53%
milliers
53%
tous
53%
veux
53%
ai
47%
au
47%
cette
47%
genoux
47%
gros
47%
j'en
47%
J'en
47%
J'suis
47%
j'suis
47%
l'espace
47%
m'humilier
47%
problèmes
47%
Quand
47%
si
47%
Si
47%
s'tassent
47%
voir
47%
appellez-nous
40%
aucun
40%
autre
40%
boulot
40%
cheveux
40%
crépus
40%
dangereux
40%
diront
40%
d'un
40%
France
40%
J'm'appelle
40%
j'suis
40%
l'avouer
40%
Mamadou
40%
m'en
40%
mon
40%
Mon
40%
mots
40%
rêve
40%
semaine
40%
semaine.
40%
States
40%
taf
40%
toute
40%
y'a
40%
Africains
33%
aux
33%
beaucoup
33%
biens
33%
caisses
33%
chez
33%
choses
33%
citer
33%
cramé
33%
donné
33%
d'une
33%
espèce
33%
grosses
33%
j'étais
33%
j'pourrais
33%
mafé
33%
manger
33%
nom
33%
parle
33%
peu
33%
quoi
33%
rêvent
33%
rouler
33%
sont
33%
tellement
33%
venir
33%
vois
33%
bails
27%
besoin
27%
compte
27%
c'qui
27%
décoller
27%
déstresse
27%
d'être
27%
d'Europe
27%
dit
27%
d'la
27%
d'programmer
27%
eyes
27%
forever
27%
gominer
27%
hass
27%
j'aimerais
27%
job
27%
j'te
27%
J'te
27%
j'vais
27%
J'viens
27%
manque
27%
nez
27%
oh
27%
open
27%
ouais
27%
ouais...
27%
parlent
27%
plages
27%
plein
27%
Prisonnier
27%
qu'avec
27%
quitte
27%
rêveur
27%
santé
27%
Sénégalais
27%
t'en
27%
Trop
27%
trop
27%
vu
27%
your
27%
avis
20%
bousiller
20%
connaît
20%
coupe
20%
cracher
20%
d'crampons
20%
Déterminé
20%
d'ici
20%
Donner
20%
donner
20%
Étant
20%
évolué
20%
faim
20%
G8
20%
Gims
20%
grâce
20%
j'avance
20%
Jouir
20%
j'y
20%
K.O
20%
l'doute
20%
loin
20%
loves
20%
malgré
20%
maro
20%
ok
20%
Oui
20%
papiers
20%
Partager
20%
qu'j'ai
20%
résultat
20%
route
20%
sapes
20%
semelles
20%
senti
20%
sorte
20%
soulever
20%
soupe
20%
souvent
20%
terres
20%
t'montrer
20%
victime
20%
vouloir
20%
Yeah
20%
appris
13%
bolides
13%
bout
13%
brassard ?
13%
comprendre
13%
Construire
13%
c'qu'on
13%
d'avoir
13%
départ
13%
d'épreuves
13%
d'pain
13%
drame
13%
embrassera
13%
enfance
13%
faut
13%
faux
13%
généreux
13%
J'garde
13%
J'l'ai
13%
J'repense
13%
laisserai
13%
l'néné
13%
l'prix
13%
l'taro
13%
mettrais
13%
m'mettre
13%
m'ont
13%
n'tiens
13%
paix
13%
Pétro
13%
poids
13%
portera
13%
poser
13%
quel
13%
rentrer
13%
requins
13%
sang
13%
soit
13%
sourire
13%
t'l'étaler
13%
Toutes
13%
vidé
13%
volées
13%
d'mon
7%
est-ce
7%
madrasah
7%
mec
7%
mecs
7%
Nombreux
7%
n'ont
7%
qu'on
7%
Sais-tu
7%
seulement
7%
solide
7%
d'Abderrahman
0%
Dernier
0%
l'échelle
0%
mondiale
0%
neuveu
0%
Pourtant
0%
Aucun quiz correspondant
Distribution des résultats
% des personnes avec chaque résultat
Percentile par nombre de réponses
Votre historique - résultats
Vous n’avez pas pris ce quiz depuis la dernière actualisation